| 000 | 00971cab a2200241 4500 | ||
|---|---|---|---|
| 001 | WB2930-59 | ||
| 008 | 090401t1993 xxu||||| |||| 00| 0 eng d | ||
| 035 | _a(Sirsi) u91079 | ||
| 041 | _aeng | ||
| 245 | _aProcedure: giving reasons | ||
| 260 | _c1993 | ||
| 350 | _a0 | ||
| 490 |
_aEstates Gazette Case Summaries _v1993 EGCS 144(1) (31/7/93) |
||
| 520 | _a"Landmatch plc v SoS Environment and others" "R v SoS Environment ex parte Landmatch plc" QBD 19 July 1993 raised the question of whether under Planning and Compensation Act 1991 the SoS was required to give reasons where he did not support the objections. Held, the applicants had not suffered prejudice and costs ordered against applicants should stand. | ||
| 650 | _aCOSTS | ||
| 650 | _aOBJECTIONS | ||
| 650 | _aPLANNING AND COMPENSATION ACT 1991 | ||
| 650 | _aSTRUCTURE PLANS | ||
| 650 | _aWITHOUT PREJUDICE | ||
| 690 | _aPLANNING LAW AND PRACTICE-CASE LAW | ||
| 942 | _n0 | ||
| 948 | _c04/03/1997 | ||
| 999 |
_c57790 _d57790 |
||